| 000 | 01970nam a2200469Ii 4500 | ||
|---|---|---|---|
| 001 | DIGOLEJNK0116 | ||
| 003 | NyNyDIG | ||
| 006 | m o d | ||
| 007 | cr ||||||||||| | ||
| 008 | 220523s2021 cl o 000 0 spa d | ||
| 035 | _a(OCoLC)1335133656 | ||
| 040 |
_aDGITA _beng _erda _epn _cDGITA |
||
| 020 | _z9789567799527 | ||
| 043 | _ae-gx--- | ||
| 050 | 1 | 4 | _aKK2057 ebook |
| 100 | 1 |
_aHeinsheimer, Karl August, _d1869-1929, _eauthor. |
|
| 245 | 1 | 0 |
_aDerecho mercantil / _cKarl Heinsheimer ; edición al cuidado de Carlos Antonio Agurto Gonzáles, Sonia Lidia Quequejana Mamani, Benigno Choque Cuenca ; traducción de Agustín Vicente Gella. |
| 264 | 1 |
_aSantiago, Chile : _bEdiciones Olejnik, _c[2021] |
|
| 300 | _a1 online resource. | ||
| 336 |
_atext _btxt _2rdacontent |
||
| 337 |
_acomputer _bc _2rdamedia |
||
| 338 |
_aonline resource _bcr _2rdacarrier |
||
| 347 |
_atext file _2rdaft |
||
| 347 | _bPDF | ||
| 490 | 1 | _aBiblioteca de derecho comercial | |
| 588 | 0 | _aOnline resource; title from PDF title page (Digitalia, viewed May 23, 2022) | |
| 650 | 0 |
_aCommercial law _zGermany. |
|
| 650 | 0 |
_aCorporation law _zGermany. |
|
| 650 | 0 |
_aBusiness enterprises _xLaw and legislation _zGermany. |
|
| 655 | 0 | _aElectronic books. | |
| 700 | 1 |
_aAgurto Gonzáles, Carlos Antonio, _eeditor. |
|
| 700 | 1 |
_aQuequejana Mamani, Sonia Lidia, _eeditor. |
|
| 700 | 1 |
_aChoque Cuenca, Benigno, _eeditor. |
|
| 700 | 1 |
_aVicente y Gella, Agustín, _econtributor agent of text. |
|
| 791 | 2 |
_aDigitalia (Firm), _edistributor. |
|
| 793 | 0 |
_gDigitalia eBook Collection: _aEdiciones Olejnik |
|
| 776 | 0 | 8 |
_iPrint version: _aHeinsheimer, Karl August, 1869-1929. _tDerecho mercantil. _bPrimera edición en Ediciones Olejnik. _dSantiago, Chile : Ediciones Olejnik, 2021 _z9789567799527 |
| 830 | 0 | _aBiblioteca de derecho comercial. | |
| 856 | 4 | 0 |
_3Digitalia Hispánica _uhttps://www.digitaliapublishing.com/a/104292/ |
| 910 | _aPremium collection: 2022 | ||
| 942 | _cRAA | ||
| 999 |
_c270251 _d270251 |
||